Phê bình, bình luận văn học. T26 Nguyễn Du

Kaydedildi:
Detaylı Bibliyografya
Materyal Türü: Kitap
Dil:Undetermined
Baskı/Yayın Bilgisi: Tp. HCM Văn Nghệ 1997
Konular:
Etiketler: Etiketle
Etiket eklenmemiş, İlk siz ekleyin!
Thư viện lưu trữ: Trung tâm Học liệu Trường Đại học Cần Thơ
LEADER 00516nam a2200181Ia 4500
001 CTU_22040
008 210402s9999 xx 000 0 und d
020 |b 17.000đ 
082 |a 809 
082 |b Ph250b/T26 
245 0 |a Phê bình, bình luận văn học. T26 
245 0 |b Nguyễn Du 
260 |a Tp. HCM 
260 |b Văn Nghệ 
260 |c 1997 
650 |a vietnamese literature - history and criticism 
904 |i Minh, 980227 
980 |a Trung tâm Học liệu Trường Đại học Cần Thơ